<?xml version="1.0" encoding="UTF-8"?>
<record
    xmlns:xsi="http://www.w3.org/2001/XMLSchema-instance"
    xsi:schemaLocation="http://www.loc.gov/MARC21/slim http://www.loc.gov/standards/marcxml/schema/MARC21slim.xsd"
    xmlns="http://www.loc.gov/MARC21/slim">

  <leader>01231nam a2200313 a 4500</leader>
  <controlfield tag="005">20240807112301.0</controlfield>
  <controlfield tag="008">100810s2006||||ag     f |||| 001 0 spa d</controlfield>
  <datafield tag="020" ind1=" " ind2=" ">
    <subfield code="a">9789165691</subfield>
  </datafield>
  <datafield tag="041" ind1=" " ind2=" ">
    <subfield code="a">spa</subfield>
  </datafield>
  <datafield tag="092" ind1=" " ind2=" ">
    <subfield code="c">158</subfield>
    <subfield code="l">12</subfield>
    <subfield code="s">CIA</subfield>
  </datafield>
  <datafield tag="100" ind1="1" ind2=" ">
    <subfield code="a">Cia, Alfredo H.</subfield>
    <subfield code="9">4188</subfield>
  </datafield>
  <datafield tag="245" ind1=" " ind2=" ">
    <subfield code="a">Manual de recursos terap&#xE9;uticos para el p&#xE1;nico y la agorafobia /</subfield>
    <subfield code="c">Alfredo H. C&#xED;a</subfield>
  </datafield>
  <datafield tag="250" ind1=" " ind2=" ">
    <subfield code="a">1a ed.</subfield>
  </datafield>
  <datafield tag="260" ind1=" " ind2=" ">
    <subfield code="a">Buenos Aires: </subfield>
    <subfield code="b">Polemos;</subfield>
    <subfield code="c">2006.</subfield>
  </datafield>
  <datafield tag="300" ind1=" " ind2=" ">
    <subfield code="a">256 p.</subfield>
    <subfield code="c">23x15 cm.</subfield>
  </datafield>
  <datafield tag="500" ind1=" " ind2=" ">
    <subfield code="a">C&#xED;a, A. H. (2006). Manual de recursos terap&#xE9;uticos para el p&#xE1;nico y la agorafobia. (1a ed.). Buenos Aires : Polemos. </subfield>
  </datafield>
  <datafield tag="590" ind1=" " ind2=" ">
    <subfield code="a">Serie Paltex para Ejecutores de Programas de Salud N  2&#x302;9.</subfield>
  </datafield>
  <datafield tag="653" ind1="3" ind2=" ">
    <subfield code="a">La ansiedad y sus trastornos</subfield>
  </datafield>
  <datafield tag="653" ind1=" " ind2=" ">
    <subfield code="a">Instrumentos para realizar un diagn&#xF3;stico aproximado de los trastornos de ansiedad</subfield>
  </datafield>
  <datafield tag="653" ind1=" " ind2=" ">
    <subfield code="a">Instrucciones para el cambio cognitivo</subfield>
  </datafield>
  <datafield tag="653" ind1=" " ind2=" ">
    <subfield code="a">T&#xE9;cnicas de respiraci&#xF3;n y relajaci&#xF3;n</subfield>
  </datafield>
  <datafield tag="653" ind1=" " ind2=" ">
    <subfield code="a">Superando el temor que producen los s&#xED;ntomas fisiol&#xF3;gicos del p&#xE1;nico</subfield>
  </datafield>
  <datafield tag="653" ind1=" " ind2=" ">
    <subfield code="a">Mejora de la autoestima</subfield>
  </datafield>
  <datafield tag="653" ind1=" " ind2=" ">
    <subfield code="a">Recomendaciones para el tratamiento farmacol&#xF3;gico</subfield>
  </datafield>
  <datafield tag="653" ind1=" " ind2=" ">
    <subfield code="a">Nutrici&#xF3;n y ansiedad</subfield>
  </datafield>
  <datafield tag="653" ind1=" " ind2=" ">
    <subfield code="a">Farmacoterapia</subfield>
  </datafield>
  <datafield tag="930" ind1=" " ind2=" ">
    <subfield code="a">992</subfield>
  </datafield>
  <datafield tag="942" ind1=" " ind2=" ">
    <subfield code="2">ddc</subfield>
    <subfield code="c">BK</subfield>
  </datafield>
  <datafield tag="999" ind1=" " ind2=" ">
    <subfield code="c">3163</subfield>
    <subfield code="d">3163</subfield>
  </datafield>
  <datafield tag="952" ind1=" " ind2=" ">
    <subfield code="0">0</subfield>
    <subfield code="1">0</subfield>
    <subfield code="2">ddc</subfield>
    <subfield code="4">0</subfield>
    <subfield code="7">0</subfield>
    <subfield code="a">BFM</subfield>
    <subfield code="b">BFM</subfield>
    <subfield code="c">CR</subfield>
    <subfield code="d">2023-04-12</subfield>
    <subfield code="e">Donaci&#xF3;n Dra. Ocampo, Patricia. Abril 2023.</subfield>
    <subfield code="l">0</subfield>
    <subfield code="o">158 12 CIA</subfield>
    <subfield code="p">4843</subfield>
    <subfield code="r">2023-04-12</subfield>
    <subfield code="t">Ej. 1</subfield>
    <subfield code="w">2023-04-12</subfield>
    <subfield code="y">BK</subfield>
    <subfield code="z">Donaci&#xF3;n Dra. Ocampo, Patricia. Abril 2023.</subfield>
    <subfield code="f"></subfield>
  </datafield>
</record>
